|
|
|
|
| LEADER |
00000nam0a2200000 4500 |
| 001 |
323116 |
| 005 |
20231102003536.0 |
| 035 |
|
|
|a (RuTPU)RU\TPU\book\348674
|
| 090 |
|
|
|a 323116
|
| 100 |
|
|
|a 20161007d1939 m y0rusy50 ca
|
| 101 |
0 |
|
|a rus
|
| 102 |
|
|
|a UA
|
| 105 |
|
|
|a a j 000zy
|
| 200 |
1 |
|
|a Подземная электровозная тяга
|e учебное пособие
|f С. А. Волотковский
|
| 210 |
|
|
|a Киев
|c Государственное научно-техническое издательство Украины
|d 1939
|
| 215 |
|
|
|a 330 с.
|c ил.
|
| 606 |
1 |
|
|a Электровозы рудничные
|2 stltpush
|3 (RuTPU)RU\TPU\subj\19774
|9 44943
|
| 610 |
1 |
|
|a подземные электровозы
|
| 610 |
1 |
|
|a тяга
|
| 610 |
1 |
|
|a учебные пособия
|
| 610 |
1 |
|
|a движение
|
| 610 |
1 |
|
|a динамическое сопротивление
|
| 610 |
1 |
|
|a тяговые двигатели
|
| 610 |
1 |
|
|a управление
|
| 610 |
1 |
|
|a аккумуляторные батареи
|
| 675 |
|
|
|a 622.683(075.8)
|v 4
|
| 700 |
|
1 |
|a Волотковский
|b С. А.
|
| 801 |
|
1 |
|a RU
|b 63413507
|c 20161007
|
| 801 |
|
2 |
|a RU
|b 63413507
|c 20191217
|g RCR
|
| 942 |
|
|
|c BK
|